[Event "DDS GM"]
[Site "Borovo CRO"]
[Date "2010.09.24"]
[Round "9"]
[White "Szuhanek,R"]
[Black "Cabrilo,G"]
[Result "1/2-1/2"]
[WhiteElo "2504"]
[BlackElo "2455"]

1.Nf3 Nf6 2.c4 c5 3.Nc3 e6 4.g3 b6 5.Bg2 Bb7 6.O-O d6 7.Re1 Ne4 8.Nxe4 Bxe4
9.d3 Bb7 10.e4 Be7 11.d4 cxd4 12.Nxd4 O-O 13.b3 a6 14.Bb2 Nd7 15.Qd2 Qc7
16.Rad1 Rfe8 17.f4 Bf8 18.h3 Rad8 19.Kh2 Qb8 20.Re3 Qa8  1/2-1/2

[Event "TCh-NED Meesterklasse 2010-11"]
[Site "Netherlands NED"]
[Date "2010.09.25"]
[Round "1.2"]
[White "Van der Werf,M"]
[Black "Jens,J"]
[Result "1-0"]
[WhiteElo "2432"]
[BlackElo "2387"]

1.Nf3 Nf6 2.c4 c5 3.Nc3 e6 4.g3 b6 5.Bg2 Bb7 6.O-O Be7 7.b3 O-O 8.Bb2 a6
9.e3 Qc7 10.Rc1 Ne4 11.d4 Bf6 12.d5 Bxc3 13.Bxc3 Nxc3 14.Rxc3 exd5 15.cxd5 d6
16.Nd4 Qd7 17.Qc2 Ra7 18.Nf5 g6 19.Nh4 f5 20.e4 fxe4 21.Bxe4 Qg7 22.Nf3 g5
23.h4 gxh4 24.Nxh4 Nd7 25.Nf5 Qf6 26.g4 Kh8 27.f4 Qg6 28.Rg3 Bc8 29.g5 Nf6
30.gxf6 Qxf6 31.Ne3 Re7 32.Bg2 Qd4 33.Qf2 Ref7 34.f5 Bxf5 35.Nxf5  1-0

[Event "TCh-BEL 2010-11"]
[Site "Belgium BEL"]
[Date "2010.09.26"]
[Round "1.7"]
[White "Paci,C"]
[Black "Deleyn,G"]
[Result "1-0"]
[WhiteElo "2370"]
[BlackElo "2250"]

1.Nf3 Nf6 2.c4 c5 3.Nc3 e6 4.g3 b6 5.Bg2 Bb7 6.O-O Nc6 7.e4 d6 8.d4 cxd4
9.Nxd4 Rc8 10.b3 Be7 11.Ba3 a6 12.Rc1 Rc7 13.Nxc6 Bxc6 14.Qe2 Qa8 15.Qe3 Nd7
16.Nd5 Bxd5 17.cxd5 Rxc1 18.Rxc1 O-O 19.dxe6 Nc5 20.exf7+ Rxf7 21.e5 d5 22.Rd1 Ne4
23.e6  1-0

[Event "EYCC Girls U18"]
[Site "Batumi GEO"]
[Date "2010.09.27"]
[Round "8"]
[White "Kazimova,N"]
[Black "Abdulla,K"]
[Result "1-0"]
[WhiteElo "2260"]
[BlackElo "2193"]

1.Nf3 Nf6 2.c4 c5 3.Nc3 e6 4.g3 b6 5.Bg2 Bb7 6.O-O Be7 7.d4 cxd4 8.Qxd4 d6
9.Bg5 Nc6 10.Qd2 O-O 11.Rad1 Ne8 12.Bf4 a6 13.b3 Na5 14.Be3 Bc6 15.Qd3 Rc8
16.Rc1 Nf6 17.Rfd1 Nd7 18.Bf4 e5 19.Be3 Nf6 20.Qb1 Qc7 21.Nd5 Bxd5 22.cxd5 Qb8
23.Ne1 b5 24.Nd3 Rxc1 25.Rxc1 Bd8 26.Nb4 Ng4 27.Bd2 Bb6 28.e3 Qb7 29.Qc2 Rd8
30.Bh3 Nf6 31.Bc8 Qa8 32.Bxa6 Nxd5 33.Bxb5 Ne7 34.Qb2 Qf3 35.Bf1 h5 36.Bg2 Qf5
37.Qc2 Qe6 38.Qd3 d5 39.Qa6 d4 40.exd4 Rxd4 41.Bc3 Rd6 42.Qe2 Qf5 43.Rf1 Bd4
44.Bxd4 Rxd4 45.Nc2 Rd6 46.Ne3 Qg6  1-0

[Event "OIS"]
[Site "Munich GER"]
[Date "2010.10.01"]
[Round "7"]
[White "Nuessel,G"]
[Black "Vogel,R"]
[Result "1/2-1/2"]
[WhiteElo "2129"]
[BlackElo "2273"]

1.Nf3 c5 2.c4 Nf6 3.Nc3 d5 4.cxd5 Nxd5 5.g3 Nc6 6.Bg2 g6 7.d4 Bg7 8.e3 O-O
9.O-O Nxc3 10.bxc3 Qa5 11.Bd2 cxd4 12.cxd4 Qh5 13.Nh4 Qxd1 14.Rfxd1 Bg4 15.f3 Be6
16.f4 Rfd8 17.Nf3 Bd5 18.Rdb1 b6 19.Bb4 Nxb4 20.Rxb4 Rac8 21.Ne1 Bxg2 22.Kxg2 Rc3
23.Rb3 Rdc8 24.Rab1 e6 25.Kf2 Kf8 26.Rxc3 Rxc3 27.Rb2 Ke7 28.Rc2 Rxc2+ 29.Nxc2 Kd6
30.Ke2 Kc6 31.Kd3 Bf8 32.e4 f5 33.d5+ exd5 34.Nd4+ Kd7 35.exf5 gxf5 36.Nxf5 b5
37.g4 Ba3 38.Nd4 Bc1 39.Nxb5 Bxf4 40.Nxa7 Bxh2 41.Nb5 Bg1 42.Nd4 Bh2 43.Nf3 Bf4
44.Kd4 Kd6  1/2-1/2

[Event "Tatry Open"]
[Site "Tatranske Zruby CZE"]
[Date "2010.10.02"]
[Round "1"]
[White "Hujo,J"]
[Black "Burdik,L"]
[Result "1/2-1/2"]
[WhiteElo "2094"]
[BlackElo "2215"]

1.c4 Nf6 2.Nc3 c5 3.Nf3 d5 4.cxd5 Nxd5 5.g3 Nc6 6.Bg2 Nc7 7.O-O e5 8.d3 Be7
9.Be3 Be6 10.Rc1 Qd7 11.Ng5 Bxg5 12.Bxg5 Rc8 13.Ne4 b6 14.Rxc5 bxc5 15.Nxc5 Qd6
16.Nb7 Qd7 17.Nc5 Qd6 18.Nb7 Qd7  1/2-1/2

[Event "TCh-NED"]
[Site "Netherlands NED"]
[Date "2010.10.09"]
[Round "2.5"]
[White "Wantola,I"]
[Black "Donker,Roel"]
[Result "1-0"]
[WhiteElo "2301"]
[BlackElo "2218"]

1.Nf3 Nf6 2.c4 c5 3.Nc3 e6 4.g3 b6 5.Bg2 Bb7 6.O-O a6 7.Re1 Be7 8.e4 d6 9.d4 cxd4
10.Nxd4 Qc7 11.Be3 O-O 12.Rc1 Nbd7 13.f4 Rfe8 14.g4 h5 15.gxh5 Rac8 16.b3 Qb8
17.Bf3 Bf8 18.Qd2 Nc5 19.Bf2 Qa8 20.Qe2 e5 21.Nf5 exf4 22.Bd4 Nfxe4 23.Qg2 f6
24.Qg6 Ng5 25.Bd5+ Bxd5 26.Nxd5 Nd7 27.Bxf6 Nf3+ 28.Kf2 Nfe5 29.Nde7+  1-0

[Event "TCh-NED"]
[Site "Netherlands NED"]
[Date "2010.10.09"]
[Round "2.1"]
[White "Van der Werf,M"]
[Black "Hoeksema,E"]
[Result "1-0"]
[WhiteElo "2432"]
[BlackElo "2312"]

1.c4 Nf6 2.Nc3 c5 3.Nf3 b6 4.e3 g6 5.d4 Bg7 6.d5 O-O 7.Be2 d6 8.e4 e6 9.O-O exd5
10.exd5 Bg4 11.Bf4 a6 12.h3 Bxf3 13.Bxf3 Qc7 14.Re1 Nbd7 15.Qa4 Rfc8 16.Re2 Ne8
17.Re7 Nef6 18.Rae1 Bf8 19.R7e2 Ra7 20.g4 b5 21.cxb5 axb5 22.Qxb5 Rb7 23.Qd3 c4
24.Qd4 Bg7 25.Qd2 Nc5 26.g5 Nfd7 27.Re8+ Rxe8 28.Rxe8+ Nf8 29.Be2 Qd7 30.Qe3 Rxb2
31.Bg4 Qc7 32.Rc8 Qb6 33.Qe7 Nd3 34.Ne4 Rb1+ 35.Kh2  1-0

[Event "Tatry Open"]
[Site "Tatranske Zruby CZE"]
[Date "2010.10.09"]
[Round "9"]
[White "Siwek,A"]
[Black "Budinsky,J"]
[Result "0-1"]
[WhiteElo "1936"]
[BlackElo "2029"]

1.Nf3 c5 2.c4 Nf6 3.Nc3 e6 4.g3 b6 5.Bg2 Bb7 6.O-O a6 7.b3 Be7 8.Bb2 d6 9.d4 cxd4
10.Nxd4 Bxg2 11.Kxg2 Qc7 12.e4 Qb7 13.Re1 Nbd7 14.f3 O-O 15.Qe2 Rac8 16.Rad1 Rfe8
17.Nc2 Nf8 18.Ne3 h5 19.Rd2 Ng6 20.h4 Red8 21.Red1 Ne8 22.f4 Nf6 23.Qf3 Qb8
24.Ba3 b5 25.Bb2 Qb7 26.cxb5 axb5 27.e5 Qxf3+ 28.Kxf3 dxe5 29.Rxd8+ Bxd8
30.f5 b4 31.fxg6 bxc3 32.gxf7+ Kxf7 33.Bxc3 Rxc3  0-1

[Event "TCh-HUN 2010-11"]
[Site "Budapest HUN"]
[Date "2010.10.10"]
[Round "1"]
[White "Rapport,R"]
[Black "Banas,J"]
[Result "1-0"]
[WhiteElo "2523"]
[BlackElo "2310"]

1.Nf3 Nf6 2.c4 c5 3.Nc3 b6 4.g3 Bb7 5.Bg2 g6 6.O-O Bg7 7.Re1 Ne4 8.Nxe4 Bxe4
9.d4 cxd4 10.Bh6 Bxh6 11.Qxd4 O-O 12.Qxe4 Nc6 13.Rad1 Rc8 14.e3 Bg7 15.Re2 d6
16.b3 Qc7 17.h4 Rfe8 18.h5 Bf6 19.g4 a6 20.g5 Bg7 21.Nh2 Ne5 22.f4 Nd7 23.hxg6 hxg6
24.Ng4 b5 25.f5 Nf8 26.Rf1 gxf5 27.Qxf5 e6 28.Qf3 bxc4 29.Nf6+ Bxf6 30.gxf6 Qc5
31.Qh3 Qg5 32.Kh1 Ng6 33.Be4 Qh4 34.Qxh4 Nxh4 35.Rh2  1-0

[Event "I Memorial Oliver Gonzalez"]
[Site "Madrid ESP"]
[Date "2010.10.10"]
[Round "2"]
[White "Valles Moreno,I"]
[Black "Cortes Jurado,R"]
[Result "1-0"]
[WhiteElo "2403"]
[BlackElo "2083"]

1.Nf3 Nf6 2.c4 e6 3.Nc3 c5 4.e3 b6 5.d4 cxd4 6.exd4 d5 7.cxd5 Nxd5 8.Bb5+ Bd7
9.Bc4 Nxc3 10.bxc3 Qc7 11.Qd3 Bd6 12.O-O O-O 13.Bb3 Bc6 14.Ng5 g6 15.Qh3 h5
16.Re1 Bd5 17.g4 Bf4 18.gxh5 Bxg5 19.Bxg5 Nc6 20.hxg6 fxg6 21.Rxe6 Bxe6 22.Bxe6+ Rf7
23.Bf6  1-0

[Event "TCh-ISL Div 1 2010-11"]
[Site "Reykjavik ISL"]
[Date "2010.10.10"]
[Round "4.3"]
[White "Thorarinsson,P"]
[Black "Asbjornsson,I"]
[Result "1-0"]
[WhiteElo "2258"]
[BlackElo "2021"]

1.Nf3 Nf6 2.c4 e6 3.Nc3 c5 4.g3 b6 5.Bg2 Bb7 6.O-O Be7 7.b3 O-O 8.Bb2 d6
9.e3 a6 10.d4 cxd4 11.Nxd4 Bxg2 12.Kxg2 Qc7 13.f4 Nbd7 14.Qf3 Rfe8 15.Rfd1 Bf8
16.Rac1 Rac8 17.g4 e5 18.Nf5 e4 19.Qe2 Nc5 20.g5 Nfd7 21.Nd5 Qb8 22.Ba1 Nd3
23.Rxd3 exd3 24.Qxd3 Qb7 25.Qd4 f6 26.Kf2 Kf7 27.gxf6 g6 28.Nfe7 Rb8 29.f5 Ne5
30.Qh4 gxf5 31.Qxh7+ Ke6 32.Qxf5+ Kf7 33.Bxe5 dxe5 34.Rg1  1-0

[Event "I Memorial Oliver Gonzalez"]
[Site "Madrid ESP"]
[Date "2010.10.12"]
[Round "4"]
[White "Strikovic,A"]
[Black "Rios,Al"]
[Result "1-0"]
[WhiteElo "2560"]
[BlackElo "2299"]

1.c4 Nf6 2.Nc3 c5 3.Nf3 g6 4.e4 d6 5.d4 Na6 6.Be2 Bg7 7.O-O O-O 8.d5 Nc7
9.Bf4 Bg4 10.h3 Bxf3 11.Bxf3 Nd7 12.Qc2 Rb8 13.Be2 Re8 14.Rad1 Bd4 15.Kh1 a6
16.a4 Nf8 17.Bg5 Bf6 18.Be3 e5 19.g3 Bg7 20.a5 Nd7 21.Rb1 b6 22.axb6 Rxb6
23.Na4 Rb7 24.Bd2 Qb8 25.Ba5 Qa7 26.Kg2 Reb8 27.b3 Nb5 28.cxb5 axb5 29.Nxc5 Qxc5
30.Rfc1 b4 31.Qa2 Qa7 32.Ra1 Ra8 33.Qc2 Qc5 34.Bxb4 Rxa1 35.Bxc5 Rxc1 36.Qxc1 Nxc5
37.Bd1 Kf8 38.Qc4 Rc7 39.b4 Ne6 40.Qa6 Nd4 41.b5 Rc1 42.Qa4 Rb1 43.b6  1-0

[Event "I Memorial Oliver Gonzalez"]
[Site "Madrid ESP"]
[Date "2010.10.14"]
[Round "6"]
[White "Julian Serra,R"]
[Black "Cavalle Pulla,D"]
[Result "1-0"]
[WhiteElo "2064"]
[BlackElo "1847"]

1.Nf3 Nf6 2.c4 c5 3.Nc3 g6 4.g3 b6 5.Bg2 Bb7 6.d3 Nc6 7.Bg5 Bg7 8.Qd2 Nd4
9.Bxf6 Bxf6 10.Ne4 Bxe4 11.dxe4 Rb8 12.Nxd4 Bxd4 13.f4 d6 14.e5 dxe5 15.e3 exf4
16.exd4 fxg3 17.O-O-O Qxd4 18.Qxd4 cxd4 19.Rxd4 gxh2 20.Rxh2 Rc8 21.Bb7 Rc7
22.Rhd2 O-O 23.Ba6 Rc5 24.b4 Re5 25.Rd5 Re6 26.Rd7 Ra8 27.Bb7 Rb8 28.c5  1-0

[Event "32nd Open"]
[Site "Arco ITA"]
[Date "2010.10.22"]
[Round "7"]
[White "Bove,A"]
[Black "Damia,A"]
[Result "0-1"]
[WhiteElo "2397"]
[BlackElo "2287"]

1.Nf3 Nf6 2.c4 e6 3.Nc3 c5 4.g3 b6 5.Bg2 Bb7 6.O-O Be7 7.Re1 Ne4 8.d4 O-O
9.d5 Nxc3 10.bxc3 Bf6 11.Qd3 e5 12.Rb1 d6 13.a4 Qe8 14.Qc2 Bc8 15.a5 bxa5
16.Nd2 Bd8 17.Ne4 Qd7 18.Nxc5 Qc7 19.Ne4 Bf5 20.c5 Bxe4 21.Bxe4 Qxc5 22.Bxh7+ Kh8
23.Be4 Bb6 24.Be3 Qc7 25.Qd3 Bxe3 26.Qxe3 Nd7 27.Qg5 Nf6 28.c4 Kg8 29.Qh4 Rab8
30.Bd3 Rxb1 31.Rxb1 Rb8 32.Rc1 Qc5 33.g4 Qa3 34.Re1 e4 35.g5 Qc3 36.f4 exd3
37.gxf6 d2 38.Rf1 Qc1 39.Qg5 Qxf1+ 40.Kxf1 d1=Q+  0-1

[Event "15th European Club Cup Women"]
[Site "Plovdiv BUL"]
[Date "2010.10.22"]
[Round "6"]
[White "Cramling,P"]
[Black "Galojan,L"]
[Result "1-0"]
[WhiteElo "2509"]
[BlackElo "2373"]

1.Nf3 Nf6 2.c4 c5 3.Nc3 b6 4.e3 g6 5.d4 Bg7 6.d5 d6 7.e4 O-O 8.h3 e6 9.Bd3 exd5
10.cxd5 a6 11.O-O Re8 12.Re1 Nbd7 13.Bf4 Qc7 14.Qd2 Bb7 15.Rac1 Ne5 16.Nxe5 dxe5
17.Be3 Qd6 18.a4 Rec8 19.b3 Ne8 20.Nb1 a5 21.Na3 Qd8 22.Nc4 Ba6 23.Na3 Bxd3
24.Qxd3 Nd6 25.Nc4 Nxc4 26.bxc4 Qd6 27.Rb1 Bf6 28.Rf1 Re8 29.Rb3 Ra7 30.Qc2 Bd8
31.f4 exf4 32.Bxf4 Qd7 33.Re3 f6 34.Bg3 Qg7 35.Qd3 Rd7 36.Qb1 Rb7 37.Qb5 Qd7
38.Qb3 Qg7 39.Rfe1 Qf7 40.Rf3 Qg7 41.Qb2 Qd7 42.Qa1 Qg7 43.Qd1 Rbe7 44.e5 fxe5
45.d6 Rf7 46.Qd5 e4 47.Kh2 Bf6 48.Rxe4 Rxe4 49.Qxe4 h5 50.Qe8+ Kh7 51.d7 h4
52.Bd6 Rxd7 53.Rxf6  1-0

[Event "WY Boys-U12"]
[Site "Porto Carras GRE"]
[Date "2010.10.22"]
[Round "3.10"]
[White "Shaikh,N"]
[Black "Todorov,Y"]
[Result "1-0"]
[WhiteElo "2071"]
[BlackElo "1976"]

1.c4 c5 2.Nc3 Nf6 3.Nf3 d5 4.cxd5 Nxd5 5.g3 Nc6 6.Bg2 Nxc3 7.bxc3 e5 8.d3 Be7
9.O-O Be6 10.Qa4 O-O 11.Rb1 Rb8 12.c4 Bd7 13.Qa3 b6 14.Bb2 Qc7 15.Bc3 Nd4
16.Nxd4 exd4 17.Bxd4 cxd4 18.Qxe7 Rfe8 19.Qh4 Rxe2 20.Qxd4 Rxa2 21.Rfe1 Bc6
22.Bxc6 Qxc6 23.Re7 Rf8 24.Rbe1 h6 25.h4 a6 26.Qf4 Qg6 27.d4 Rc2 28.d5 b5
29.cxb5 axb5 30.d6 Rcc8 31.d7 Rcd8 32.Qc7 f6 33.Qxd8 Rxd8 34.Re8+ Kh7 35.Rxd8 Qd3
36.Rh8+ Kxh8 37.Re8+ Kh7 38.d8=Q Qb1+ 39.Kg2 Qc2 40.h5 Qc6+ 41.Kh2  1-0

[Event "Chigorin Mem Classic Open"]
[Site "St Petersburg RUS"]
[Date "2010.10.28"]
[Round "1"]
[White "Pogosian,Vl"]
[Black "Shipov,S"]
[Result "1-0"]
[WhiteElo "2199"]
[BlackElo "2557"]

1.c4 Nf6 2.Nc3 c5 3.Nf3 e6 4.e4 Nc6 5.Be2 e5 6.O-O g6 7.d3 Bg7 8.Ne1 d6 9.f4 Nd4
10.Nc2 h6 11.Nxd4 exd4 12.Nb1 O-O 13.Na3 Bd7 14.Rb1 Bc6 15.Qe1 Re8 16.Qg3 Kh7
17.b4 cxb4 18.Rxb4 Nd7 19.Nb5 Nc5 20.f5 Bxb5 21.Rxb5 a6 22.Rb1 b5 23.cxb5 axb5
24.fxg6+ fxg6 25.Rf7 Re7 26.Bh5 Rxf7 27.Qxg6+ Kh8 28.Qxf7 Nxd3 29.Bd2 Qg8
30.Qf1 Ne5 31.Bf4 Qxa2 32.Bxe5 Bxe5 33.Rxb5 Qd2 34.Rxe5 Qe3+ 35.Kh1 dxe5
36.Qf6+ Kg8 37.Bf7+  1-0

[Event "Chigorin Mem Classic Open"]
[Site "St Petersburg RUS"]
[Date "2010.10.30"]
[Round "3"]
[White "Maevsky,N"]
[Black "Salov,Vi"]
[Result "1-0"]
[WhiteElo "2302"]
[BlackElo "1983"]

1.Nf3 Nf6 2.c4 c5 3.Nc3 b6 4.e4 d6 5.d4 cxd4 6.Nxd4 e6 7.Bd3 Be7 8.O-O Bb7
9.Bc2 a6 10.f4 Nbd7 11.f5 e5 12.Nf3 Rc8 13.Qe2 Qc7 14.Nd2 Qc5+ 15.Kh1 h5
16.Nb3 Qc7 17.Be3 h4 18.Nd2 h3 19.g4 Rh4 20.Rg1 Rh8 21.Rg3 b5 22.g5 b4 23.gxf6 bxc3
24.fxg7 Rg8 25.bxc3 Bf6 26.Rag1 Ke7 27.Qh5 Qa5 28.Bh6 Qxa2 29.Bb3 Qa3 30.c5 d5
31.Bxd5 Bxd5 32.exd5 Qxc5 33.c4 Rb8 34.Be3 Qc7 35.Qxh3 Rb2 36.Qh7 Rbb8 37.c5 Nxc5
38.Rc1 Qb7 39.Rxc5 Rbd8 40.Rg4 Rh8 41.gxh8=Q Rxh8 42.Rgc4 Rxh7 43.Rc7+ Qxc7
44.Rxc7+ Ke8 45.Ne4  1-0

[Event "14th OIBM"]
[Site "Bad Wiessee GER"]
[Date "2010.10.31"]
[Round "2.22"]
[White "Hornung,H"]
[Black "Rivas Pastor,M"]
[Result "1/2-1/2"]
[WhiteElo "2140"]
[BlackElo "2529"]

1.Nf3 Nf6 2.c4 b6 3.Nc3 c5 4.e4 Bb7 5.e5 Ne4 6.Bd3 Nxc3 7.dxc3 g6 8.Bf4 Bg7
9.Qe2 Bxf3 10.gxf3 Nc6 11.Bg3 h5 12.Qe4 e6 13.h4 Qc7 14.f4 Bh6 15.Rd1 Rd8
16.Bc2 Ne7 17.Qe2 Bf8 18.O-O Nf5 19.Ba4 Be7 20.Rxd7 Rxd7 21.Rd1 O-O 22.Rxd7 Qc8
23.Qd1 Rd8 24.Rxd8+ Qxd8 25.Qxd8+ Bxd8 26.Kg2  1/2-1/2

[Event "VII Open"]
[Site "Figueira da Foz POR"]
[Date "2010.10.31"]
[Round "1.5"]
[White "Mirzoev,A"]
[Black "Babo,M"]
[Result "1-0"]
[WhiteElo "2527"]
[BlackElo "1925"]

1.Nf3 Nf6 2.c4 c5 3.Nc3 d5 4.cxd5 Nxd5 5.g3 Nc6 6.Bg2 Nxc3 7.bxc3 e6 8.O-O Be7
9.d4 cxd4 10.cxd4 O-O 11.e4 Bd7 12.Bf4 Rc8 13.h4 Nb4 14.Qb3 Qb6 15.Rab1 Bb5
16.Rfd1 Bc4 17.Qa4 Bb5 18.Qa3 Nd5 19.Qb3 Nc3 20.d5 Nxd1 21.Qxd1 Qa6 22.d6 Rfd8
23.e5 Bf8 24.Nd4 Rc5 25.Qb3 Bc6 26.Bxc6 bxc6 27.Bg5 Ra8 28.Qb7 Qxb7 29.Rxb7 h6
30.Be7 Rc4 31.Nb3 a5 32.Bxf8 Kxf8 33.Rc7 a4 34.Na5 Rc1+ 35.Kg2 Rd1 36.Nxc6 Rc1
37.a3 g6 38.Kf3 Rc3+ 39.Ke4 Rc1 40.d7 Rd8 41.Nxd8 Rxc7 42.Nxe6+  1-0

[Event "Chigorin Mem Classic Open"]
[Site "St Petersburg RUS"]
[Date "2010.10.31"]
[Round "4"]
[White "Utkin,V"]
[Black "Nikitinyh,B"]
[Result "1/2-1/2"]
[WhiteElo "2042"]
[BlackElo "2229"]

1.Nf3 Nf6 2.c4 c5 3.Nc3 g6 4.g3 b6 5.Bg2 Bb7 6.O-O Bg7 7.b3 O-O 8.Bb2 d6
9.e3 e5 10.d4 Qe7 11.Qc2 Nc6 12.a3 Rad8 13.Rad1 h6 14.Nd5 Nxd5 15.cxd5 Nb8
16.e4 Ba6 17.Rfe1 Nd7 18.Bh3 Qf6  1/2-1/2

[Event "Chigorin Mem Classic Open"]
[Site "St Petersburg RUS"]
[Date "2010.10.31"]
[Round "4"]
[White "Khismatullin,D"]
[Black "Ajrapetian,G"]
[Result "1-0"]
[WhiteElo "2654"]
[BlackElo "2425"]

1.c4 c5 2.Nf3 Nf6 3.Nc3 b6 4.e4 Bb7 5.e5 Ng8 6.d4 cxd4 7.Nxd4 g6 8.Bf4 Bg7
9.h4 Nc6 10.Nxc6 Bxc6 11.h5 Qb8 12.Qe2 g5 13.Bh2 Nh6 14.Nd5 Qb7 15.O-O-O Rc8
16.Kb1 e6 17.Qd2 Bxd5 18.cxd5 Qxd5 19.Qxd5 exd5 20.Ba6 Rd8 21.Rxd5 O-O 22.Be2 Rfe8
23.Rhd1 Re7 24.g4 Rde8 25.f4 f6 26.Rxd7 Rxd7 27.Rxd7 gxf4 28.Bxf4 fxe5 29.Be3 e4
30.Rxa7 b5 31.Rb7 Nf7 32.Bxb5 Rc8 33.Bd7  1-0

[Event "VII Open"]
[Site "Figueira da Foz POR"]
[Date "2010.11.01"]
[Round "3.9"]
[White "Carapeto,R"]
[Black "Kasparova,T"]
[Result "0-1"]
[WhiteElo "1891"]
[BlackElo "2187"]

1.c4 c5 2.Nc3 b6 3.Nf3 Nf6 4.g3 Bb7 5.Bg2 e6 6.O-O d6 7.d3 Be7 8.e4 O-O 9.Ne1 Nc6
10.f4 Rb8 11.Nc2 a6 12.g4 Nd7 13.Ne3 Nd4 14.a4 Bc6 15.Ne2 b5 16.a5 bxc4 17.dxc4 Nb3
18.Ra3 Nxc1 19.Qxc1 Qc7 20.f5 Qb7 21.Nf4 Bf6 22.Rd3 Bxb2 23.Qd2 Bd4 24.Rxd4 cxd4
25.Qxd4 e5  0-1

[Event "Chigorin Mem Classic Open"]
[Site "St Petersburg RUS"]
[Date "2010.11.03"]
[Round "7"]
[White "Pakhomov,E"]
[Black "Denisov,I"]
[Result "1-0"]
[WhiteElo "2395"]
[BlackElo "2267"]

1.Nf3 Nf6 2.c4 e6 3.Nc3 c5 4.e4 d6 5.Bd3 Be7 6.Bc2 O-O 7.d4 cxd4 8.Nxd4 a6
9.b3 d5 10.cxd5 Bb4 11.Bd2 exd5 12.e5 Qc7 13.exf6 Bxc3 14.Bxh7+ Kh8 15.Bxc3 Qxc3+
16.Kf1 Kxh7 17.Rc1 Bg4 18.fxg7 Re8 19.f3 Qe3 20.fxg4 Qf4+ 21.Nf3 Nc6 22.g3 Qxg4
23.Kg2 Kxg7 24.Rf1 d4 25.Rc5 f6 26.h3 Qe4 27.Re1 Qg6 28.Nh4 Rxe1 29.Qxe1 Re8
30.Nxg6 Rxe1 31.Nf4 Rd1 32.Rd5 Rd2+ 33.Kf3 Ne5+ 34.Ke4 Rxa2 35.Kf5 d3 36.g4 d2
37.b4 a5 38.b5 Rb2 39.Ke6 a4 40.Rd8 Nf7 41.Nh5+ Kg6 42.Rg8+ Kh6 43.Kxf7 d1=Q
44.Rg6+ Kh7 45.Nxf6+  1-0

[Event "Chigorin Mem Classic Open"]
[Site "St Petersburg RUS"]
[Date "2010.11.05"]
[Round "9"]
[White "Grigoryan,K2"]
[Black "Stupak,K"]
[Result "1-0"]
[WhiteElo "2290"]
[BlackElo "2502"]

1.Nf3 e6 2.c4 Nf6 3.Nc3 c5 4.d4 cxd4 5.Nxd4 Bb4 6.g3 Ne4 7.Qd3 Bxc3+ 8.bxc3 Nc5
9.Qe3 d6 10.Bg2 O-O 11.O-O a6 12.Rd1 Qc7 13.Nb3 Bd7 14.Ba3 Bc6 15.Nxc5 dxc5
16.Bxc5 Re8 17.Bb6 Qe7 18.Rab1 Bxg2 19.Kxg2 Nc6 20.Bc5 Qc7 21.Bd6 Qa5 22.Rxb7 Qa4
23.Qf3 Nd8 24.Rbb1 Rc8 25.c5 Qxa2 26.Ra1 Qc4 27.Rd4 Qb5 28.Rb4 Qc6 29.Rb6 Qxf3+
30.exf3  1-0

[Event "20th World Seniors"]
[Site "Arco ITA"]
[Date "2010.11.06"]
[Round "11"]
[White "Suba,M"]
[Black "Rooze,J"]
[Result "1-0"]
[WhiteElo "2464"]
[BlackElo "2288"]

1.Nf3 Nf6 2.c4 c5 3.Nc3 e6 4.g3 b6 5.Bg2 Bb7 6.O-O Be7 7.b3 O-O 8.d4 cxd4
9.Qxd4 d6 10.Rd1 Nbd7 11.e4 Qc8 12.Qe3 a6 13.Ba3 Nc5 14.Ne1 Re8 15.Nd3 Rb8
16.Rac1 Ba8 17.h3 Qb7 18.Bxc5 bxc5 19.Kh2 Nd7 20.Bh1 Qc7 21.f4 Bf6 22.Ne2 h6
23.Nf2 Be7 24.Rc3 Bc6 25.Rcd3 Rb7 26.Nc3 Nb8 27.h4 Qc8 28.Bg2 Rc7 29.Bh3 Bd7
30.Rxd6 Bxd6 31.Rxd6 Qb7 32.e5 Bc8 33.Nd3 Nd7 34.Bg2 Qa7 35.Bc6 Rf8 36.f5 Nb8
37.Ba4 Bd7 38.f6 Bxa4 39.fxg7 Kxg7 40.Nxa4 Nd7 41.Nf4 Rh8 42.Nh5+ Kf8 43.Nf6 Ke7
44.Qf4 Rd8 45.Nc3 Nb8 46.Nfd5+ Ke8 47.Nf6+ Ke7 48.Ng8+ Ke8 49.Ne4 Nc6 50.Nef6+ Kf8
51.Qxh6+  1-0

[Event "TCh-NOR Attack-serien 2010-11"]
[Site "Oslo NOR"]
[Date "2010.11.06"]
[Round "2"]
[White "Stojanovic,Mih"]
[Black "Miezis,N"]
[Result "0-1"]
[WhiteElo "2582"]
[BlackElo "2547"]

1.Nf3 c5 2.c4 Nf6 3.Nc3 e6 4.g3 Nc6 5.Bg2 e5 6.e3 d6 7.d4 exd4 8.exd4 Bg4
9.Qa4 Nd7 10.dxc5 dxc5 11.O-O Be7 12.Be3 O-O 13.Rad1 Qc8 14.Nd5 Bd8 15.Rd2 Nce5
16.Nxe5 Nxe5 17.f4 Bd7 18.Qb3 Ng4 19.Kh1 Rb8 20.Bg1 b5 21.Qa3 bxc4 22.Qxa7 Bf5
23.Qxc5 Qxc5 24.Bxc5 Re8 25.Rfd1 h5 26.Bd6 Rc8 27.Bb4 h4 28.Bc3 Bd3 29.Bf3 Nh6
30.Kg1 Rc5 31.b4 Rxd5 32.Bxd5 Bb6+ 33.Kg2 Ng4 34.Rxd3 cxd3 35.Rxd3 h3+ 36.Kxh3 Nf2+
37.Kg2 Nxd3 38.a4 Re2+ 39.Kh3 Nf2+ 40.Kh4 Bd8+ 41.Kh5 g6+ 42.Kh6 Ng4+  0-1

[Event "TCh-SUI 2010"]
[Site "Switzerland SUI"]
[Date "2010.11.06"]
[Round "8.3"]
[White "Turdyev,A"]
[Black "Kurmann,O"]
[Result "1/2-1/2"]
[WhiteElo "2300"]
[BlackElo "2422"]

1.Nf3 Nf6 2.c4 c5 3.Nc3 e6 4.g3 b6 5.Bg2 Bb7 6.O-O d6 7.d4 cxd4 8.Qxd4 a6
9.Bg5 Be7 10.Bxf6 Bxf6 11.Qf4 O-O 12.Rfd1 Be7 13.Ne4 Bxe4 14.Qxe4 Ra7 15.Nd4 Rc7
16.b3 Qc8 17.Rd2 Rd8 18.Qe3 Rc5 19.Qd3 g6 20.Rad1 Rc7 21.e3 Qd7 22.Rc2 Rdc8
23.Rdc1 Qe8  1/2-1/2

[Event "ch-ISR"]
[Site "Haifa ISR"]
[Date "2010.11.08"]
[Round "1.13"]
[White "Axelrod,A"]
[Black "Givon,A"]
[Result "1-0"]
[WhiteElo "2386"]
[BlackElo "2226"]

1.Nf3 Nf6 2.c4 c5 3.Nc3 b6 4.e4 d6 5.d4 cxd4 6.Nxd4 Bb7 7.f3 e6 8.Be3 Be7
9.Be2 O-O 10.O-O a6 11.Qd2 Nbd7 12.a4 Qc7 13.Rfc1 Rac8 14.a5 bxa5 15.Nb3 Qb8
16.Nxa5 Ba8 17.b4 Rfe8 18.b5 axb5 19.Nxb5 Nc5 20.Rcb1 Qb6 21.Nb3 Qd8 22.Nxc5 dxc5
23.Ra7 Qxd2 24.Bxd2 Bc6 25.Nc7 Red8 26.Ba5 Rd7 27.Rb6 Ba4 28.Rba6 Bd8 29.Ra8 Rxa8
30.Rxa8 Bc6 31.Rc8 Kf8 32.Nd5 Bxd5 33.Bxd8 Bb7 34.Rb8 Ne8 35.Bb6 f6 36.Bxc5+ Kf7
37.Kf2 Ba6 38.Bb4 e5 39.c5 Bxe2 40.Kxe2 Nc7 41.c6 Rd4 42.Ba5  1-0

[Event "Russia Cup Final KO"]
[Site "Belgorod RUS"]
[Date "2010.11.13"]
[Round "4.1"]
[White "Khairullin,I"]
[Black "Timofeev,Arty"]
[Result "0-1"]
[WhiteElo "2637"]
[BlackElo "2681"]

1.Nf3 c5 2.c4 Nf6 3.Nc3 d5 4.cxd5 Nxd5 5.g3 Nc6 6.Bg2 Nc7 7.d3 e5 8.Nd2 Bd7
9.O-O Be7 10.Nc4 f6 11.f4 b5 12.Ne3 Rc8 13.a4 b4 14.Nb5 exf4 15.Rxf4 Nxb5
16.axb5 Nd4 17.Rxa7 Nxb5 18.Ra6 O-O 19.Nf5 Kh8 20.Be3 Nc7 21.Ra7 Nb5 22.Ra6 Nc7
23.Nxe7 Qxe7 24.Re4 Qf7 25.Ra5 Bc6 26.Rc4 Bxg2 27.Kxg2 Qd5+ 28.Kg1 Ne6 29.Rxb4 Ng5
30.Bxg5 fxg5 31.Re4 Qb7 32.Qd2 h6 33.Ra1 Qb6 34.Qc3 c4+ 35.d4 Qf6 36.d5 Qf2+
37.Kh1 Qf5 38.Qd4 Qh3 39.d6 Rcd8 40.Kg1 Rf6 41.d7 Rxd7 42.Re8+ Kh7 43.Qe4+ Qf5
44.Qxc4 h5 45.Qe4 Rd2 46.Ra5 Qxe4 47.Rxe4 Kh6 48.Ree5 Rd1+ 49.Kg2 Rdf1 50.g4 R6f2+
51.Kh3 Rh1 52.gxh5 Rhxh2+ 53.Kg3 Rhg2+ 54.Kh3 Rh2+ 55.Kg3 Rhg2+ 56.Kh3 Kxh5
57.Ra4 Rh2+ 58.Kg3 Rhg2+ 59.Kh3 Rxe2 60.Rh4+ Kg6 61.Rxe2 Rxe2 62.Rb4 Kh5
63.Rb7 g4+ 64.Kg3 Re3+ 65.Kg2 Kh4 66.Rf7 Rg3+ 67.Kf1 Rb3 68.Rf2 Kh3 69.Kg1 g3
70.Rd2 Re3 71.Rd1 g5 72.Rf1 g4 73.Rb1 Re2 74.b4 Rg2+ 75.Kh1  0-1

[Event "XXIII Belgrade Trophy"]
[Site "Obrenovac SRB"]
[Date "2010.11.29"]
[Round "6.72"]
[White "Sablic,B"]
[Black "Milanovic,Ma"]
[Result "1/2-1/2"]
[WhiteElo "1997"]
[BlackElo "1811"]

1.Nf3 Nf6 2.c4 c5 3.Nc3 g6 4.d4 cxd4 5.Nxd4 Bg7 6.e4 Nc6 7.Be3 O-O 8.Be2 Nxd4
9.Bxd4 d6 10.O-O Be6 11.Qd3 Nd7 12.Bxg7 Kxg7 13.Qd4+ f6 14.Nd5 b6 15.f4 Bf7
16.f5 Ne5 17.b3 Rc8 18.a4 Qd7 19.Ne3 Qc7 20.Nd5 Qd7 21.g4 g5 22.Kg2 Qb7 23.h4 h6
24.h5 Rfe8 25.Rad1 Bxd5 26.Qxd5 Qxd5 27.Rxd5 Rc5 28.Rfd1 Rec8 29.Kf2 Nc6
30.Ke3 Nb4 31.R5d2 a5 32.Bf3 Re5 33.Kd4 Kf8 34.Kc3 Ke8 35.Rd4 Rc7  1/2-1/2

[Event "Podgaets Memorial"]
[Site "Odessa UKR"]
[Date "2010.11.29"]
[Round "10"]
[White "Gorbunov,I RUS"]
[Black "Kutsykh,M"]
[Result "0-1"]
[WhiteElo "2250"]
[BlackElo "2295"]

1.c4 c5 2.Nf3 Nf6 3.Nc3 g6 4.d4 cxd4 5.Nxd4 Bg7 6.g3 O-O 7.Bg2 Nc6 8.O-O d6
9.Nc2 Nd7 10.Bd2 a5 11.Rc1 Nc5 12.b3 Bd7 13.Ne4 Nxe4 14.Bxe4 Bh3 15.Re1 f5
16.Bd5+ Kh8 17.Be3 e5 18.Qd2 f4 19.gxf4 Qh4 20.Kh1 exf4 21.Bb6 Ra6 22.Bd4 Nxd4
23.Nxd4 Qxf2 24.Rcd1 f3 25.Rg1 Bg2+  0-1

[Event "XXIII Belgrade Trophy"]
[Site "Obrenovac SRB"]
[Date "2010.12.01"]
[Round "8.76"]
[White "Pantovic,D"]
[Black "Markovic,Ta"]
[Result "1-0"]
[WhiteElo "2113"]
[BlackElo "1836"]

1.Nf3 c5 2.c4 Nf6 3.Nc3 b6 4.g3 Bb7 5.Bg2 e6 6.O-O Be7 7.b3 O-O 8.Bb2 d5
9.cxd5 Nxd5 10.Nxd5 Bxd5 11.Re1 Bf6 12.Bxf6 Qxf6 13.e4 Bb7 14.d4 Rd8 15.d5 exd5
16.exd5 Na6 17.Ne5 Nb4 18.Ng4 Qd6 19.Ne3 g6 20.a3 Nxd5 21.Bxd5 Bxd5 22.Nxd5 Qxd5
23.Re8+  1-0